Score 0/5 Timer 01:00
10 Plays Today
Hint Answer % Correct
Heath Ledger
96.2%
Jack Nicholson
92.5%
Joaquin Phoenix
86.3%
Jared Leto
80.4%
Cesar Romero
54.4%

You're not logged in!

Compare scores with friends on all Sporcle quizzes.
OR
Log In

Sporcle TV

Today on Sporcle TV


Watch our educational content, quiz creation guides, and fun videos on Sporcle TV.

Show Comments

Extras

Top Quizzes Today


Score Distribution

Paid Content

Your Account Isn't Verified!

In order to create a playlist on Sporcle, you need to verify the email address you used during registration. Go to your Sporcle Settings to finish the process.

Report this User

Report this user for behavior that violates our Community Guidelines.

Details: